Every Point-Scoring Formula 1 Driver - Statistics

General Stats
  • This quiz has been taken 3,994 times
    222 since last reset
  • The average score is 124 of 356
Answer Stats
Points Driver Nationality % Correct
5018.5 Lewis Hamilton United Kingdom
100%
3444.5 Max Verstappen Netherlands
100%
1672 Charles Leclerc Monaco
99%
2393 Fernando Alonso Spain
99%
17 Jos Verstappen Netherlands
99%
1873 Kimi Räikkönen Finland
99%
1566 Michael Schumacher Germany
99%
329 Ralf Schumacher Germany
99%
3098 Sebastian Vettel Germany
99%
1336.5 Carlos Sainz Jr. Spain
98%
12 Mick Schumacher Germany
98%
1638 Sergio Perez Mexico
98%
1797 Valtteri Bottas Finland
98%
799 Oscar Piastri Australia
97%
614 Ayrton Senna Brazil
96%
33 Bruno Senna Brazil
95%
159.5 Keke Rosberg Finland
95%
1430 Lando Norris United Kingdom
95%
1594.5 Nico Rosberg Germany
95%
1329 Daniel Ricciardo Australia
94%
798.5 Alain Prost France
93%
622 Nico Hülkenberg Germany
92%
483 Esteban Ocon France
91%
458 Pierre Gasly France
91%
313 Alexander Albon Thailand
90%
325 Lance Stroll Canada
90%
1047.5 Mark Webber Australia
90%
420.5 Niki Lauda Austria
90%
420 Mika Häkkinen Finland
89%
1033 George Russell United Kingdom
87%
1235 Jenson Button United Kingdom
87%
277.64 Juan Manuel Fangio Argentina
87%
360 Damon Hill United Kingdom
86%
289 Graham Hill United Kingdom
86%
98 Phil Hill United States
86%
12 Christian Fittipaldi Brazil
85%
281 Emerson Fittipaldi Brazil
85%
71 Jochen Mass Germany
85%
485.5 Nelson Piquet Brazil
85%
19 Nelson Piquet Jr. Brazil
85%
3 Wilson Fittipaldi Brazil
85%
150 Kimi Antonelli Italy
84%
482 Nigel Mansell United Kingdom
82%
1167 Felipe Massa Brazil
81%
107 Gilles Villeneuve Canada
81%
658 Rubens Barrichello Brazil
81%
360 Jackie Stewart United Kingdom
80%
235 Jaques Villeneuve Canada
80%
51 Isack Hadjar France
79%
44 Liam Lawson New Zealand
79%
180 Mario Andretti United States
79%
7 Michael Andretti United States
79%
274 Jim Clark United Kingdom
78%
307 Juan Pablo Montoya Colombia
78%
202 Kevin Magnussen Denmark
78%
1 Jan Magnussen Denmark
77%
127.33 Nino Farina Italy
77%
48 Oliver Bearman United Kingdom
77%
140.14 Alberto Ascari Italy
75%
5 Franco Colapinto Argentina
75%
179 James Hunt United Kingdom
75%
274 Robert Kubica Poland
75%
535 David Coulthard United Kingdom
74%
19 Gabriel Bortoleto Brazil
74%
261 Jack Brabham Australia
73%
255 Jody Scheckter South Africa
73%
124 Yuki Tsunoda Japan
72%
385 Gerhard Berger Austria
71%
391 Romain Grosjean France
71%
206 Alan Jones Australia
70%
202 Daniil Kvyat Russia
69%
196.5 Bruce McLaren New Zealand
67%
248 Denny Hulme New Zealand
67%
109 Jochen Rindt Austria
67%
186.64 Stirling Moss United Kingdom
66%
180 John Surtees United Kingdom
65%
127.64 Mike Hawthorn United Kingdom
65%
181 Jacky Ickx Belgium
63%
310 Carlos Reutemann Argentina
59%
76 Pastor Maldonado Venezuela
59%
275 Giancarlo Fisichella Italy
57%
105 Heikki Kovalainen Finland
57%
246.5 Jarno Trulli Italy
57%
125 Kamui Kobayashi Japan
57%
174 Heinz-Harald Frentzen Germany
56%
9 Nicholas Latifi Canada
56%
191 Eddie Irvine United Kingdom
55%
16 Guanyu Zhou China
54%
1 Logan Sargeant United States
54%
281 Riccardo Patrese Italy
54%
124 Adrian Sutil Germany
53%
212 Clay Regazzoni Switzerland
53%
241 Jean Alesi France
53%
206 Ronnie Peterson Sweden
51%
44 Takuma Sato Japan
51%
259 Nick Heidfeld Germany
49%
64 Vitaly Petrov Russia
49%
228 Jaques Laffite France
47%
18 Marcus Ericsson Sweden
47%
33 Mika Salo Finland
47%
2 Jules Bianchi France
46%
6 Lucien Bianchi Begium
46%
181 René Arnoux France
46%
56 Wolfgang von Trips Germany
46%
98 Martin Brundle United Kingdom
45%
71 Pedro Rodriguez Mexico
44%
4 Ricardo Rodriguez Mexico
44%
169 John Watson United Kingdom
43%
76 Olivier Panis France
43%
35 Pedro de la Rosa Spain
43%
3 Emanuele Pirro Italy
42%
77.64 José Froilán González Argentina
42%
21 Antonio Giovinazzi Italy
41%
101 Didier Pironi France
41%
2 Nyck de Vries Netherlands
41%
132 Thierry Boutsen Belgium
41%
51 Timo Glock Germany
41%
6 Esteban Gutiérrez Mexico
40%
186.5 Michele Alboreto Italy
40%
98 Johnny Herbert United Kingdom
39%
75 Tony Brooks United Kingdom
39%
9 Kazuki Nakajima Japan
38%
16 Satoru Nakajima Japan
38%
26 Stoffel Vandoorne Belgium
38%
59 Andrea de Cesaris Italy
37%
122 Elio de Angelis Italy
37%
121 Paul di Resta United Kingdom
37%
1 Sergey Sirotkin Russia
37%
58 Carlos Pace Brazil
36%
32 Luigi Fagioli Italy
36%
8 Aguri Suzuki Japan
35%
89 Francois Cevert France
35%
51 Jean-Èric Vergne France
35%
9 Jolyon Palmer United Kingdom
35%
14 Jonathan Palmer United Kingdom
35%
29 Felipe Nasr Brazil
34%
10 JJ Lehto Finland
34%
6 Pascal Wehrlein Germany
34%
47 Peter Collins United Kingdom
34%
65 Alessandro Nannini Italy
33%
4 Brendon Hartley New Zealand
33%
133 Dan Gurney United States
33%
141 Patrick Depailler France
33%
29 Sébastien Buemi Switzerland
33%
45 Alexander Wurz Austria
32%
44 Luigi Musso Italy
32%
103 Patrick Tambay France
32%
21 Jean-Pierre Jabouille France
31%
72.33 Maurice Trintignant France
31%
107 Richie Ginther United States
31%
32 Mark Blundell United Kingdom
30%
88 Stefan Johansson Sweden
30%
7 Tiago Monteiro Portugal
30%
83 Chris Amon New Zealand
29%
31 Gunnar Nilsson Sweden
29%
39 Jo Bonnier Sweden
29%
6 John Love Rhodesia (Zimbabwe)
29%
68 Jo Siffert Switzerland
29%
58 Lorenzo Bandini Italy
29%
61 Peter Revson United States
29%
26 Vitantonio Liuzzi Italy
29%
14 Ginacarlo Baghetti Italy
28%
47 Innes Ireland United Kingdom
28%
77 Jean-Pierre Beltoise France
28%
19 Bill Vukovich United States
27%
14 Christian Klien Austria
27%
31 Jaime Alguersuari Spain
27%
31.5 Jean-Pierre Jarier France
27%
0.5 Lella Lombardi Italy
27%
41 Piero Taruffi Italy
26%
15.5 Vittorio Brambilla Italy
25%
11 Peter Gethin United Kingdom
24%
70 Eddie Cheever United States
23%
51.14 Jean Behra France
23%
17 Ludovico Scarfiotti Italy
23%
15 Roberto Moreno Brazil
23%
6 Sébastien Bourdais France
23%
4 Louis Chiron Monaco
22%
15 Derek Daly Ireland
21%
29 Hans-Joachim Stuck Germany
21%
1 Luis Pérez-Sala Spain
21%
5 Narain Karthikeyan India
21%
14 Rodger Ward United States
21%
19.5 Eugenio Castellotti Italy
20%
8.5 Gianni Morbidelli Italy
20%
2 Manfred Winkelhock Germany
20%
23 Teo Fabi Italy
20%
1 Zsolt Baumgartner Hungary
20%
1 Alessandro Zanardi Italy
19%
4 Christijan Albers Netherlands
19%
71 Derek Warwick United Kingdom
19%
2 Dick Rathmann United States
19%
3 Eliseo Salazar Chile
19%
10 Hans Herrmann Germany
19%
31 Ivan Capelli Italy
19%
29 Jim Rathmann United States
19%
12 Johnnie Parsons United States
19%
17 Karl Kling Germany
19%
29 Mike Hailwood United Kingdom
19%
19 Tom Pryce United Kingdom
19%
9.5 Troy Ruttman United States
19%
7 Nicola Larini Italy
18%
10 Pedro Diniz Brazil
18%
18 Pierluigi Martini Italy
18%
16 Stuart Lewis-Evans United Kingdom
18%
4 Alfonso de Portago Spain
17%
8 Bob Sweikert United States
17%
14 Bruno Giacomelli Italy
17%
13 Jackie Oliver United Kingdom
17%
1 Justin Wilson United Kingdom
17%
17 Marc Surer Switzerland
17%
11 Paul Frére Belgium
17%
8 Prince Bira/Birabongse Bhanudej Thailand
17%
3 Ricardo Zonta Brazil
17%
1 Derek Bell United Kingdom
16%
3 Jackie Lewis United Kingdom
16%
49 Luigi Villoresi Italy
16%
14 Rolf Stommelen Germany
16%
8 Antonio Pizzonia Brazil
15%
32 Harry Schell United States
15%
13 Héctor Rebaque Mexico
15%
9 Lee Wallard United States
15%
18 Louis Rosier France
15%
5 Marc Gené Spain
15%
10 Mauricio Gugelmin Brazil
15%
18 Olivier Gendebien Belgium
15%
1 Pedro Lamy Portugal
15%
7 Philippe Alliot France
15%
20 Piers Courage United Kingdom
15%
10 Rudi Fischer Switzerland
15%
26 Tony Maggs South Africa
15%
11 Arturo Merzario Italy
14%
3 Henry Taylor United Kingdom
14%
1 John Taylor United Kingdom
14%
3 Patrick Friesacher Austria
14%
19 Roy Salvadori United Kingdom
14%
8 Trevor Taylor United Kingdom
14%
5 Ukyo Katayama Japan
14%
3.33 Umberto Maglioli Italy
14%
9 Carlos Menditeguy Argentina
13%
11 Cliff Allison United Kingdom
13%
10 Èric Bernard France
13%
1 Guy Ligier France
13%
12 Henri Pescarolo France
13%
18 Jimmy Bryan United States
13%
1 Johnny Cecotto Venezuela
13%
21 Masten Gregory United States
13%
14 Mike Parkes United Kingdom
13%
27 Mike Spence United Kingdom
13%
8.14 Onofre Marimón Argentina
13%
8 Pat Flaherty United States
13%
4 Peter Whitehead United Kingdom
13%
1 Ralph Firman Ireland
13%
13 Reine Wisell Sweden
13%
16 Robert Manzon France
13%
20 Sam Hanks United States
13%
17 Stefano Modena Italy
13%
7 Tim Schenken Australia
13%
7 Willy Mairesse Belgium
13%
2 Alan Brown United Kingdom
12%
17.5 Felice Bonetto Italy
12%
2 Hermann Lang Germany
12%
9 Johnny Servoz-Gavin France
12%
14 Karl Wendlinger Austria
12%
4 Maurie Rose United States
12%
11 Richard Attwood United Kingdom
12%
4 Stefan Bellof Germany
12%
6 Andrea de Adamich Italy
11%
5 Bertrand Gachot Belgium/France
11%
8 Brian Redman United Kingdom
11%
1 Chico Serra Brazil
11%
4 Christian Danner Germany
11%
1 Eddie Johnson United States
11%
9 Emanuel de Graffenried Switzerland
11%
7 Èrik Comas France
11%
12 Peter Arundell United Kingdom
11%
3 Raymond Sommer France
11%
9 Reg Parnell United Kingdom
11%
8 Bob Anderson United Kingdom
10%
13 Cristiano da Matta Brazil
10%
3 Johnny Dumfries United Kingdom
10%
13 Roberto Mieres Argentina
10%
1 Slim Borgudd Sweden
10%
2 André Pilette Belgium
9%
3 Dorino Serafini Italy
9%
1 Gabriele Tarquini Italy
9%
10 Howden Ganley New Zealand
9%
3 Ignazio Giunti Italy
9%
3 Jim Hall United States
9%
3 Ken Wharton United Kingdom
9%
8 Mark Donohue United States
9%
8.5 Paul Russo United States
9%
11 Philippe Streiff France
9%
5 Ron Flockhart United Kingdom
9%
2 Shinji Nakano Japan
9%
6 Alex Caffi Italy
8%
6 Bill Holland United States
8%
3 Bob Bondurant United States
8%
2 Chris Irwin United Kingdom
8%
2 Oscar Alfredo Gálvez Argentina
8%
3 Philippe Ètancelin France
8%
8 Vic Elford United Kingdom
8%
4 Carel Godin de Beaufort Netherlands
7%
5 Cesare Perdisa Italy
7%
1.5 Chico Landi Brazil
7%
3 Consalvo Sanesi Italy
7%
2 Èlie Bayol France
7%
1 Eugéne Chaboud France
7%
2 Gijs van Lennep Netherlands
7%
1 Giorgio Scarlatti Italy
7%
3 Jean-Christophe Boullion France
7%
8 Mike Nazaruk United States
7%
2 Ronnie Bucknum United States
7%
3 Silvio Moser Switzerland
7%
11 Tony Bettenhausen United States
7%
1 Tony Brise United Kingdom
7%
9 Jack McGrath United States
6%
2 John Miles United Kingdom
6%
5 Mauro Baldi Italy
6%
5 Yves Giraud-Cabantous France
6%
8 Art Cross United States
5%
2 Danny Sullivan United States
5%
6.5 Duane Carter United States
5%
2 Eric Thompson United Kingdom
5%
6 George Amick United States
5%
5 George Follmer United States
5%
3 Gerhard Mitter Germany
5%
3 Giulio Cabianca Italy
5%
4 Jimmy Davies United States
5%
1 Julian Bailey United Kingdom
5%
2 Manny Ayulo United States
5%
1 Neville Lederle South Africa
5%
1 Olivier Grouillard France
5%
2 Piercarlo Ghinzani Italy
5%
1 Renzo Zorzi Italy
5%
4 Sergio Mantovani Italy
5%
2 Walt Hansgen United States
5%
5 Andy Linden United States
4%
3 Cecil Green United States
4%
3 Dennis Poore United Kingdom
4%
6 Francisco Godia-Sales Spain
4%
1.5 Fred Agabashian United States
4%
1.5 Gerino Gerini Italy
4%
2 Hermano da Silva Ramos Brazil
4%
5 Jack Fairman United Kingdom
4%
4 Johnny Boyd United States
4%
1 Bill Homeier United States
3%
2 Bobby Ball United States
3%
3 Don Branson United States
3%
4 Don Freeland United States
3%
2 Fabrizio Barbazza Italy
3%
2 Horace Gould United Kingdom
3%
10 Johnny Thomson United States
3%
1 Joie Chitwood United States
3%
6 Paul Goldsmith United States
3%
1 Walt Faulkner United States
3%
No matching quizzes found
Score Distribution
Percent of People with Each Score
Percentile by Number Answered
Your Score History
You have not taken this quiz since the last reset